1794 1855 1392 1292 1765 1936 1298 1357 1285 1132 1673 1319 1704 1513 1793 1542 1247 1184 1930 1825 1466 1084 1795 1325 1024 1172 1967 1086 1504 1506 1729 1884 1445 1616 1544 1069 1199 1774 1595 1074 1556 1316 1738 1193 1002 1539 1747 1707 1491 1567 1763 1045 1791 1957 1919 1005 1277 1997 1724 1257 1889 1458 1220 1828 1487 1746 1032 1211 1610 1209 1199 1002 1536 1492 1189 1987 1547 1714 1609 1477 1938 1345 1013 1794 1725 1151 1216 1401 1154 1011 1643 1422 1442 1957 1678 1146 1657 1586 1048 BCNSPRNW ULIB Ver.6.0+V

เปลี่ยนเป็นภาษาไทย

Change to English
 แสดงรายละเอียดบรรณานุกรม
  กลับหน้าหลัก

Brief Record : Get Marc (ISO 2709) : E-mail record : QR code < ปิดหน้าต่าง
LEADER : 00000nam 2200000uu 4500
001    13399121275
003     ULIB
008    121114s2555||||th 000 0 tha d
020    ^a9786167572789
050  4 ^aPN4129.T5^bส423ท
100 0  ^aสมชาติ กิจยรรยง.
245 10 ^aเทคนิคการพูดสำหรับพิธีกร โฆษกและนักพากย์ /^cสมชาติ กิจยรรยง.
260    ^aกรุงเทพฯ :^bสมาร์ท ไลฟ์,^c2555.
300    ^a284 หน้า :^bภาพประกอบ ;^c21 ซม.
650  7 ^aการพูด.
650  7 ^aวาทศิลป์.
945    ^p220^l0^i033046
945    ^p220^l0^i033047
995    ทศพร
999    ^aทศพร
รายการนี้ยังไม่มีแท็ก
คุณยังไม่ได้ล็อกอิน คุณสามารถมีกิจกรรมร่วมกับเว็บไซต์ได้ แต่ต้องล็อกอินก่อน ::
  ล็อกอิน

รายการสื่อสารสนเทศ

ลำดับที่ ประเภท เลขเรียก/บาร์โค้ด สถานที่ สถานะ
1. วิทยาศาสตร์การแพทย์ และสุขภาพ
หนังสือสำรอง
สถานะ=หนังสือสำรอง
PN4129.T5 ส423ท ฉ.1 
  Barcode: 033046
ห้องสมุดวิทยาเขตสวรรค์ประชารักษ์
►หนังสือทั่วไป
บนชั้น
2. วิทยาศาสตร์การแพทย์ และสุขภาพ
วิทยาศาสตร์การแพทย์ และสุขภาพ
PN4129.T5 ส423ท ฉ.2 
  Barcode: 033047
ห้องสมุดวิทยาเขตสวรรค์ประชารักษ์
►หนังสือทั่วไป
บนชั้น

รายการใกล้เคียง
    ผู้แต่ง [สมชาติ กิจยรรยง.]

    หัวเรื่อง [การพูด.]
    หัวเรื่อง [วาทศิลป์.]

BibComment


ยังไม่เคยถูกคอมเมนท์

คอมเมนท์ทรัพยากรรายการนี้
  คอมเมนท์: เทคนิคการพูดสำหร..


 Copyright 2026. Bcnsprnw @Library